Plan de Ayala (Record no. 3410)

MARC details
000 -CABECERA
campo de control de longitud fija 00752nam a2200181 a 4500
001 - NÚMERO DE CONTROL
campo de control BRCA_3678
005 - FECHA Y HORA DE LA ÚLTIMA TRANSACCIÓN
campo de control 20190320204359.0
008 - DATOS DE LONGITUD FIJA--INFORMACIÓN GENERAL
campo de control de longitud fija 030909s1985----mx-#---###---#000-0#spa-#
041 ## - CÓDIGO DE LENGUA
Código de lengua del texto/banda sonora o título independiente spa
044 ## - CÓDIGO DEL PAÍS DE LA ENTIDAD EDITORA/PRODUCTORA
Código MARC del país mx
050 #4 - SIGNATURA TOPOGRÁFICA DE LA BIBLIOTECA DEL CONGRESO
Número de clasificación F1234
Número de documento/Ítem .P53 1985
245 10 - MENCIÓN DE TÍTULO
Título Plan de Ayala
Resto del título plan libertador de los hijos del Estado de Morelos, afiliados al Ejército Insurgente que defienden el cumplimiento del Plan de San Luis Potosi, con las reformas que ha creido conveniente aumentar en beneficio de la Patria Mexicana.
260 ## - PUBLICACIÓN, DISTRIBUCIÓN, ETC.
Lugar de publicación, distribución, etc. México
Nombre del editor, distribuidor, etc. CONDUMEX
Fecha de publicación, distribución, etc. 1985
300 ## - DESCRIPCIÓN FÍSICA
Extensión 14 h.
Dimensiones 36 cm.
500 ## - NOTA GENERAL
Nota general Facsímiles de uno de los tantos manuscritos originales del documento y de uno de los primeros impresos del mismo
630 04 - PUNTO DE ACCESO ADICIONAL DE MATERIA--TÍTULO UNIFORME
Título uniforme Plan de Ayala
9 (RLIN) 9546
942 ## - ELEMENTOS DE PUNTO DE ACCESO ADICIONAL (KOHA)
Fuente del sistema de clasificación o colocación Library of Congress Classification
Tipo de ítem Koha Libros
Holdings
Estado de retiro Estado de pérdida Estado dañado No para préstamo Localización permanente Ubicación/localización actual Fecha de adquisición Total de préstamos Signatura topográfica completa Código de barras Fecha visto por última vez Precio válido a partir de Tipo de ítem Koha
El ejemplar forma parte de la colección y puede ser consultado según las políticas vigentes.       Biblioteca del Museo Franz Mayer (Rogerio Casas-Alatriste) Biblioteca del Museo Franz Mayer (Rogerio Casas-Alatriste) 03/09/2009   F1234 .P53 1985 00370 22/03/2019 22/03/2019 Libros